| 000 | 00771cam a2200241 a 4500 | ||
|---|---|---|---|
| 001 | 4434114 | ||
| 005 | 20241118190447.0 | ||
| 008 | 940728s1995 mnua 001 0 eng | ||
| 020 | _a0314011803 (soft) | ||
| 050 | 0 | 0 |
_aKF3989.Z9 _bR54 RIE1995 |
| 082 | 0 | 0 |
_a344.73/099 _a347.30499 _220 |
| 100 | 1 | _aRiekes, Linda. | |
| 245 | 1 | 0 |
_aCitizenship through sports and law / _cLinda Riekes, Dolores B. Malcolm, Roger Goldman. |
| 250 | _a2nd ed. | ||
| 260 |
_aMinneapolis/St. Paul : _bWest Pub. Co., _cc1995. |
||
| 300 |
_aviii, 281 p. : _bill. ; _c26 cm. |
||
| 500 | _aIncludes index. | ||
| 650 | 0 | 0 |
_aSports _xLaw and legislation _zUnited States. |
| 650 | 0 | 0 |
_aCitizenship _zUnited States. |
| 700 | 1 | _aMalcolm, Dolores B. | |
| 700 | 1 | _aGoldman, Roger L. | |
| 942 |
_2lcc _cBK _n0 |
||
| 999 |
_c1321 _d1321 |
||